书目信息 |
| 题名: |
新编海上保险学
|
|
| 作者: | 应世昌 编著 | |
| 分册: | ||
| 出版信息: | 上海 同济大学出版社 2010.10 |
|
| 页数: | 474页 | |
| 开本: | 23cm | |
| 丛书名: | ||
| 单 册: | ||
| 中图分类: | F840.63 | |
| 科图分类: | ||
| 主题词: | 海上运输保险--高等学校--教材 , 海上运输保险 | |
| 电子资源: | ||
| ISBN: | 978-7-5608-4408-4 | |
| 000 | 00894nam0 2200265 450 | |
| 001 | 003340255 | |
| 005 | 20120628153136.43 | |
| 010 | @a978-7-5608-4408-4@dCNY48.00 | |
| 100 | @a20101217d2010 em y0chiy0110 ea | |
| 101 | 0 | @achi |
| 102 | @aCN@b310000 | |
| 105 | @ay z 000yy | |
| 106 | @ar | |
| 200 | 1 | @a新编海上保险学@9xin bian hai shang bao xian xue@f应世昌编著 |
| 205 | @a2版 | |
| 210 | @a上海@c同济大学出版社@d2010.10 | |
| 215 | @a474页@d23cm | |
| 300 | @a21世纪保险专业系列教材 | |
| 330 | @a本书在讲解海上保险概念和特点、分析海上保险保障的范围、海上保险合同内容及保险基本原则的基础上,对海上保险最主要的两个险种即海上运输货物保险和船舶保险内容进行了详细的论述。 | |
| 606 | 0 | @a海上运输保险@x高等学校@j教材 |
| 606 | 0 | @a海上运输保险 |
| 690 | @aF840.63@v4 | |
| 701 | 0 | @a应世昌@9ying shi chang@4编著 |
| 801 | 0 | @aCN@bRENTIAN@c20101217 |
| 905 | @b541885-88@dF840.63@e64=2@f4 | |
| 新编海上保险学/应世昌编著.-2版.-上海:同济大学出版社,2010.10 |
| 474页;23cm |
| 21世纪保险专业系列教材 |
| ISBN 978-7-5608-4408-4:CNY48.00 |
| 本书在讲解海上保险概念和特点、分析海上保险保障的范围、海上保险合同内容及保险基本原则的基础上,对海上保险最主要的两个险种即海上运输货物保险和船舶保险内容进行了详细的论述。 |
| ● |
| 相关链接 |
|
|
|
|
正题名:新编海上保险学
索取号:F840.63/64=2
 
预约/预借
| 序号 | 登录号 | 条形码 | 馆藏地/架位号 | 状态 | 备注 |
| 1 | 541885 | 205418859 | 第一样本阅览室/ [索取号:F840.63/64=2] | 在馆 | |
| 2 | 541886 | 205418868 | 密集书库-海洋学院/ [索取号:F840.63/64=2] | 在馆 | |
| 3 | 541887 | 205418877 | 第一借阅区/ [索取号:F840.63/64=2] | 在馆 | |
| 4 | 541888 | 205418886 | 第一借阅区/ [索取号:F840.63/64=2] | 在馆 |